TEXT BOOK OF MEDICINE / (Record no. 794725)

MARC details
000 -LEADER
fixed length control field 00447pam a2200181 a 4500
020 ## - INTERNATIONAL STANDARD BOOK NUMBER
International Standard Book Number 8186793437
Terms of availability 300.00
041 ## - LANGUAGE CODE
Language code of text/sound track or separate title eng
Language code of original NULL
082 ## - DEWEY DECIMAL CLASSIFICATION NUMBER
Classification number 616
Item number DAS
100 ## - MAIN ENTRY--PERSONAL NAME
Personal name DAS, P .
245 ## - TITLE STATEMENT
Title TEXT BOOK OF MEDICINE /
Statement of responsibility, etc. NULL.
Medium Textual Documents
260 ## - PUBLICATION, DISTRIBUTION, ETC.
Place of publication, distribution, etc. NULL :
Name of publisher, distributor, etc. CURRENT BOOKS ,
Date of publication, distribution, etc. 2002.
300 ## - PHYSICAL DESCRIPTION
Extent 688 :
Other physical details XV ;
Dimensions A4 .
365 ## - TRADE PRICE
Price type code 300.00
Price note 1
650 ## - SUBJECT ADDED ENTRY--TOPICAL TERM
Topical term or geographic name entry element GEN.MEDICINE
907 ## - LOCAL DATA ELEMENT G, LDG (RLIN)
a 0972
930 ## - EQUIVALENCE OR CROSS-REFERENCE-UNIFORM TITLE HEADING [LOCAL, CANADA]
Uniform title 189
Holdings
Withdrawn status Lost status Damaged status Not for loan Home library Current library Date acquired Source of acquisition Cost, normal purchase price Total Checkouts Full call number Barcode Date last seen Copy number Price effective from Koha item type Date due Date last checked out
        Medical College & Hospital, Sangli Medical College & Hospital, Sangli 28/11/2011 300.00   616 DAS MCS-0972 26/07/2023 2 26/07/2023 Book    
        Medical College & Hospital, Sangli Medical College & Hospital, Sangli 28/11/2011 300.00 1 616 DAS MCS-0971 10/11/2023 1 26/07/2023 Book 31/12/2050 10/11/2023